00195nam a2200085Ia 4500008004100000041000800041100002900049245002200078260000900100230508s1984 xx 000 0 und d aeng aPADHE V.G. & JAMDAR M.G. aAPPLIED MECHANICS c1984